Text Generation Using Deep Neural Networks

Guardado en:
Detalles Bibliográficos
Autor principal: Benc, Peter (Autor)
Otros Autores: Farkaš, Michal (Orientador)
Formato: Manuscrito Libro
Lenguaje:eslovaco
inglés
Publicado: 2019
Materias:
Acceso en línea:http://is.stuba.sk/zp/portal_zp.pl?podrobnosti=134709
Etiquetas: Agregar Etiqueta
Sin Etiquetas, Sea el primero en etiquetar este registro!

MARC

LEADER 00000ntm a22000003a 4500
001 stuzp75090
003 SK-STU
005 20190807165956.2
007 ta
008 150427s2015----xo-----f-mn---000-0-slo-d
040 |a STU  |b slo 
041 0 |a eng 
044 |a xo 
100 1 |a Benc, Peter  |u 070200  |4 aut  |U FIIT Fakulta informatiky a informačných technológií  |T FIIT Ústav informatiky, informačných systémov a softvérového inžinierstva  |X 85767  |U I200  |Y 179  |7 85767 
242 0 1 |a Generovanie textu pomocou hlbokých neurónových sietí  |y slo 
245 1 0 |a Text Generation Using Deep Neural Networks 
260 |c 2019 
300 |e Neobsahuje CD-rom 
650 4 |a Hlboké učenie  |2 slo 
650 4 |a Generovanie textu  |2 slo 
650 4 |a Neurónové siete  |2 slo 
650 4 |a Neural networks  |2 eng 
650 4 |a Deep learning  |2 eng 
650 4 |a Text generation  |2 eng 
700 1 |a Farkaš, Michal  |u 070200  |k Z3  |4 ths  |U FIIT Fakulta informatiky a informačných technológií  |T FIIT Ústav informatiky, informačných systémov a softvérového inžinierstva  |X 52003  |U I200  |Y 179  |7 52003 
856 4 |u http://is.stuba.sk/zp/portal_zp.pl?podrobnosti=134709 
996 |c I*BAP108/19  |l II680  |s P  |a 0  |w stuzp75090_0001